Donald Trump - Portrayals by Picture - Statistics

General Stats
  • This quiz has been taken 20 times
  • The average score is 4 of 13
Answer Stats
Picture Answer % Correct
Jimmy Fallon
94%
Alec Baldwin
88%
Darrell Hammond
31%
Johnny Depp
31%
Brendan Gleeson
25%
Jason Sudekis
25%
Phil Hartman
25%
James Austin Johnson
19%
Taran Killam
13%
Anthony Atamanuik
6%
Bob DiBuono
6%
Jeff Rector
6%
Louis Ferreira
6%
No matching quizzes found
Score Distribution
Percent of People with Each Score
Percentile by Number Answered
Your Score History
You have not taken this quiz